000
00319nam a2200109Ia 4500
008
171212s9999 xx 000 0 und d
020
_a
9781910634011
245
_c
editor Furlong, Gillian
_a
Treasures from UCL
260
_b
UCL Press
_c
2015
650
_a
Art & Art History
856
_u
http://jstor.org/stable/j.ctt1g69xrh
999
_c
352895
_d
352895